Responses for Show #6591 - Monday, April 22, 2013

Contestants

[<< previous game]

Richard Hansen, a graduate student from Reno, Nevada

Michael Ellis, a law clerk for a federal judge from Hilliard, Ohio

Judy Arginteanu, a freelance writer and editor from Minneapolis, Minnesota (whose 2-day cash winnings total $28,300)

[next game >>]

Jeopardy! Round responses

3-LETTER WORDS
WRITTEN IN THE STARS
BREAKING BAD
SHARED COLLEGE SPORTS NICKNAMES
LAS VEGAS
QUOTH THE POLITICIAN
    $200 17
a hem

Richard
    $200 20
Hercules

Triple Stumper
    $200 29
the arm

Michael
    $200 30
the Trojans

Richard
    $200 14
the Beatles

Michael
    $200 1
Sarah Palin

Richard
    $400 15
ivy

Michael
    $400 21
Orion

Richard
    $400 28
the Watergate

Richard
    $400 11
the Tigers

Richard
    $400 13
Treasure Island

Richard
    $400 2
Winston Churchill

Richard
    $600 16
a nip

Richard
    $600 22
Aquarius

Richard
    $600 27
marry

Triple Stumper
    $600 8
the Broncos

Richard
    $600 12
Dennis Quaid

Richard
    $600 3
Joe Biden

Judy
    $800 18
a cot

Richard
    $800 23
Capricorn

Michael
    $800 25
Czechoslovakia

Michael
    $800 9
(Michael: What are the Cadets?)

the Falcons

MichaelRichard
    $800 7
a buffet

Michael
    $800 4
Margaret Thatcher

Richard
    $1000 19
thy

Richard
    $1000 24
(Richard: Who is Ceres?)

Demeter

MichaelRichard
    $1000 26
a broken heart

Judy
    $1000 10
the Cowboys

Michael
    $1000 6
Steve Wynn

Richard
    $1,400 5
(Richard: Who is Woodrow Wilson?)

Charles de Gaulle

Richard

Scores at the first commercial break (after clue 15):

Judy Michael Richard
$600 $1,600 $3,800

Scores at the end of the Jeopardy! Round:

Judy Michael Richard
$1,600 $4,400 $7,000

Double Jeopardy! Round responses

AMERICAN NOVELS
ANIMATED CHARACTERS
IT'S NATIONAL PARK WEEK
MUSIC & HISTORY
"SAFE"
SOUND
    $400 1
Christmas

Michael
    $400 6
Bugs Bunny

Judy
    $400 15
Yellowstone

Richard
    $400 9
World War I

Richard
    $400 14
a safety deposit box

Richard
    $400 22
table tennis (or ping pong)

Richard
    $800 2
Prince of Tides

Judy
    $800 7
(Michael: Who is Krusty the Clown?)

Bob Belcher

Michael
Triple Stumper
    $800 16
(Richard: What is the Blue Ridge Parkway?)
(Michael: What is the Daniel Boone Parkway?)

the Natchez Trace Parkway

MichaelRichard
Triple Stumper
    $800 21
"La Marseillaise"

Michael
    $800 13
a safety net

Richard
    $800 23
a pop top

Michael
    $1200 3
The Agony & the Ecstasy

Judy
    $1200 8
Ben

Triple Stumper
    $1200 17
Zion

Michael
    $1200 18
Waterloo

Michael
    $1200 12
safecracking

Judy
    $1200 24
tap dance shoes

Richard
    $1600 4
(Richard: What is Uncle Tom's Cabin?)

The House of the Seven Gables

Richard
Triple Stumper
    $1600 29
(Judy: What is Pauline?)

Pitstop

Judy
Triple Stumper
    $1600 27
the Gateway Arch

Judy
    $1600 19
(Richard: Who is "Benedict Arnold"?)

"John Andre"

MichaelRichard
    $1600 10
the Consumer Product Safety Commission

Richard
    $1600 25
sharpen their knives

Michael
    $2000 5
Tom Perrotta

Triple Stumper
    $2000 30
Poindexter

Triple Stumper
    $4,000 28
(Judy: What is Moon?)

Craters of the Moon

Judy
    $2,500 20
Jim Crow

Michael
    $2000 11
safe conduct

Triple Stumper
    $2000 26
a theremin

Judy

Scores at the end of the Double Jeopardy! Round:

Judy Michael Richard
$3,200 $12,900 $8,200

[wagering suggestions for these scores]

Final Jeopardy! Round responses

BEST ACTRESS OSCAR NOMINEES
JudyWho is Sigourney Weaver?
$1,502
RichardWho is Sigourney Weaver?
$4,701
MichaelWho is Ridley S Sigourney Weaver?
$3,501
Sigourney Weaver

Final scores:

Judy Michael Richard
$4,702 $16,401 $12,901
3rd place: $1,000 New champion: $16,401 2nd place: $2,000

Game dynamics:

Coryat scores:

Judy Michael Richard
$7,200 $12,400 $9,600
8 R,
2 W
(including 1 DD)
16 R
(including 1 DD),
3 W
24 R,
5 W
(including 1 DD)

Combined Coryat: $29,200

[game clues] [game scores] [suggest correction]

Game tape date: 2012-12-05
The J! Archive is created by fans, for fans. Scraping, republication, monetization, and malicious use prohibited; this site may use cookies and collect identifying information. See terms. The Jeopardy! game show and all elements thereof, including but not limited to copyright and trademark thereto, are the property of Jeopardy Productions, Inc. and are protected under law. This website is not affiliated with, sponsored by, or operated by Jeopardy Productions, Inc. Join the discussion at JBoard.tv.